=LDR 00000nam 2200000 4500 =001 INLIS000000000034496 =005 20130612140412 =008 ***********************************ind** =035 ##$$0010-061300000034496 =041 ##$$a ind =082 ##$$a 372.803 =090 ##$$a 372.803, Dar k =100 ##$$a Darmawan, Anky =245 ##$$a Kamus pintar bergambar, Kegiatan dan peralatan 1 dan 2/ Anky Darmawan; Editor, Dewi Linda Gustini, Agus Jakaria =260 ##$$a [20... ] $b Bandung =300 ##$$a 36 hlm., Ilus., 25 cm =650 ##$$a Pendidikan Dasar Peralatan - Kamus =700 ##$$a Gustin, Diwi Linda =850 ##$$a NBPNMAT